Омский вестник. Деловая среда. 2010, № 2 (61) (Запись № 12141488)

Подробности
000 -МАРКЕР
контрольное поле 00975nam2a2200205 4500
001 - ИДЕНТИФИКАТОР ЗАПИСИ
контрольное поле RU\NLR\PER_A\002950180_000930
005 - ИДЕНТИФИКАТОР ВЕРСИИ
контрольное поле 20250626141231.0
035 ## - ДРУГИЕ СИСТЕМНЫЕ НОМЕРА
Идентификатор записи (NLR Aleph) 011858800
100 ## - ДАННЫЕ ОБЩЕЙ ОБРАБОТКИ
Данные общей обработки 20181108d2010 |||y0rusy50 ca
101 0# - ЯЗЫК РЕСУРСА
Язык текста, звукозаписи и т.д. русский
102 ## - СТРАНА ПУБЛИКАЦИИ ИЛИ ПРОИЗВОДСТВА
Страна публикации Российская Федерация
200 0# - ЗАГЛАВИЕ И СВЕДЕНИЯ ОБ ОТВЕТСТВЕННОСТИ
Основное заглавие 2010, № 2 (61)
210 ## - ПУБЛИКАЦИЯ, РАСПРОСТРАНЕНИЕ И ДР.
Дата издания, распространения и т.д. 2010
Место издания, распространения и т.д. Б. м.
461 #0 - УРОВЕНЬ НАБОРА
Встроенное поле 001RU\NLR\Per\702556
-- 2001#$aОмский вестник. Деловая среда$eделовой информационно-аналитический журнал$eомский деловой журнал$v2010, № 2 (61)
Системный номер (АБИС) связанной записи 3879601
Место публикации Омск
Дата публикации 2010 -
Имя издателя, распространителя и т.д. Редакция газеты "Омская правда"
Сведения, относящиеся к заглавию деловой информационно-аналитический журнал : омский деловой журнал
Заглавие Омский вестник. Деловая среда
Номер тома 2010, № 2 (61)
852 ## - МЕСТОНАХОЖДЕНИЕ И ШИФР ХРАНЕНИЯ
Идентификатор организации NLR
Шифр хранения (Call Number) П23/7975
942 ## - ДОПОЛНИТЕЛЬНЫЕ ЭЛЕМЕНТЫ ЗАПИСИ (АБИС)
Тип экземпляра АБИС Выпуск
980 ## - КОЛЛЕКЦИЯ
Название коллекции Национальная библиография
980 ## - КОЛЛЕКЦИЯ
Название коллекции Русская периодика

Нет доступных экземпляров.